000 00769nam a22002057a 4500
999 _c330566
_d330566
003 NUST
005 20170720123336.0
008 150908b xxu||||| |||| 00| 0 eng d
020 _a9780070634329
040 _c0
082 _a621.381 SCH
100 _99200
_aSchultz, Mitchel E.
245 _aGrob's basic electronics
_cMitchel E. Schultz
250 _a10th ed.
260 _c2007
_aNew Delhi
_bTata McGraw Hill
300 _a1119+p.
500 _aP.B
650 _91838
_aElectronics
_xEE, EL
942 _2ddc
_cBK
_kIESE